000 00608nmm a2200169Ia 4500
008 251105s9999||||xx |||||||||||||||||und||
020 _a9788496049031
041 _aspa
100 _aCarlos, Sáez
245 0 _aLibros y documentos en la Alta Edad Media. Los libros de Derecho. Los archivos familiares :
_b Actas del VI Congreso Internacional de Historia de la Cultura Escrita, vol. 2
264 _a[Madrid, España] :
_bCalambur,
_c2002
300 _a516 páginas
490 _aBiblioteca Litterae
650 _aCultural Studies
856 _uhttps://public.digitaliapublishing.com/a/895
942 _cCF
999 _c89691
_d89691